"For Old Times Sake" novemberben amerikai fellépéssorozaton járt az Ifjú Szivek Magyar Művészegyüttes

Podrobná bibliografia
Hlavný autor: Lakatos, Krisztina, 1975- (Autor)
Médium: Článok
Jazyk:maďarčina
Fyzický popis:Fotogr.
Predmet:

MARC

LEADER 00000nab a2200000 a 4500
001 vtls000860614
003 SK-MaSNL
005 20260318122114.0
008 160405c2003 xo 0 hun
015 |a SNBRB2004/01-02652 
035 |a CLN000212221 
040 |a SNKBUCL  |b slo  |c SNKBUCL  |e AACR2 
041 0 |a hun 
044 |a xo  |c SK 
080 |a 793.31:784.4  |2 1997 
080 |a 784.4  |2 1997 
100 1 |a Lakatos, Krisztina,  |d 1975-  |4 aut  |9 602979 
245 1 0 |a "For Old Times Sake"  |b novemberben amerikai fellépéssorozaton járt az Ifjú Szivek Magyar Művészegyüttes  |c Lakatos Krisztina 
300 |b Fotogr. 
610 7 |a Mladé srdcia (folklórny súbor : Bratislava, Slovensko)  |x vystúpenie  |z Spojené štáty americké  |y 2003  |2 snkbucl  |9 859073 
651 7 |a Bratislava (Slovensko)  |2 snkbucl  |9 14568 
655 7 |a články z novín a časopisov  |2 snkbucl  |9 267496 
773 0 |t Új szó  |g Roč. 56, č. 289 (17.12.2003), s. 8 
850 |a Slovenská národná knižnica v Martine 
852 |a SNK  |b KIS3GCP 
958 |a HU 
958 |a SK 
958 |a US 
958 |a CA 
958 |a RBX 
999 |c 3190210  |d 3192140